[Event "Berlin-ch Seniors op 39th"]
[Site "Berlin"]
[Date "2023.01.26"]
[Round "3"]
[White "Vandre, Wolfgang"]
[Black "Trebbin, Wolfhard"]
[Result "1-0"]
[WhiteElo "2112"]
[BlackElo "1888"]
[PlyCount "46"]
[EventDate "2023.01.24"]
[EventType "swiss"]
[EventRounds "9"]
[EventCountry "GER"]
[SourceTitle "CBM 212 Extra"]
[Source "ChessBase"]
[SourceDate "2023.03.31"]
[SourceVersion "1"]
[SourceVersionDate "2023.03.31"]
[SourceQuality "1"]

1. d4 Nf6 2. c4 e6 3. Nc3 d5 4. Bg5 Be7 5. e3 0-0 6. Nf3 Nbd7 7. Rc1 c5 8. cxd5 exd5 9. Bd3 a6 10. dxc5 Nxc5 11. Bb1 Be6 12. 0-0 Rc8 13. Nd4 b5 14. Nce2 Nce4 15. Rxc8 Qxc8 16. Bh4 Qd7 17. Qd3 g6 18. f3 Nc5 19. Qd2 Nfe4 20. fxe4 Bxh4 21. Nxe6 fxe6 22. Rxf8+ Kxf8 23. Qd4 Qe7 1-0

[Event "Berlin-ch Seniors op 36th"]
[Site "Berlin"]
[Date "2020.01.30"]
[Round "3.7"]
[White "Trebbin, Wolfhard"]
[Black "Kollberg, Lothar"]
[Result "0-1"]
[WhiteElo "1915"]
[BlackElo "2058"]
[PlyCount "76"]
[EventDate "2020.01.28"]
[EventType "swiss"]
[EventRounds "9"]
[EventCountry "GER"]
[SourceTitle "EXT 2024"]
[Source "ChessBase"]
[SourceDate "2023.10.10"]
[SourceVersion "1"]
[SourceVersionDate "2023.10.10"]
[SourceQuality "1"]

1. d4 g6 2. Nf3 Bg7 3. g3 Nf6 4. Bg2 0-0 5. 0-0 d6 6. c4 Nbd7 7. Nc3 e5 8. dxe5 dxe5 9. h3 c6 10. Qc2 Qe7 11. Be3 Nh5 12. Rad1 f5 13. Bc1 e4 14. Nh2 Ne5 15. b3 Be6 16. e3 Nf6 17. Ne2 Nfd7 18. Bb2 Nc5 19. Ba3 Rfd8 20. Nd4 Ned3 21. Nxe6 Qxe6 22. Qe2 a5 23. f4 Bf8 24. g4 b5 25. gxf5 gxf5 26. cxb5 cxb5 27. Qh5 b4 28. Bb2 Qg6 29. Qxg6+ hxg6 30. Bd4 Ra6 31. Rd2 a4 32. Rb1 axb3 33. axb3 Ra3 34. Bf1 Nxb3 35. Rg2 Nxd4 36. exd4 Nxf4 37. Rd2 Nxh3+ 38. Bxh3 Rxh3 0-1

[Event "Prague Holiday K22"]
[Site "Prague"]
[Date "2017.07.27"]
[Round "8"]
[White "Pribyl, Jaroslav"]
[Black "Trebbin, Wolfhard"]
[Result "1-0"]
[WhiteElo "1951"]
[BlackElo "1947"]
[PlyCount "73"]
[EventDate "2017.07.23"]
[EventType "tourn"]
[EventRounds "9"]
[EventCountry "CZE"]
[SourceTitle "EXT 2023"]
[Source "ChessBase"]
[SourceDate "2022.10.05"]
[SourceVersion "1"]
[SourceVersionDate "2022.10.05"]
[SourceQuality "1"]

1. d4 Nf6 2. Nc3 d5 3. e4 dxe4 4. f3 exf3 5. Nxf3 e6 6. Bg5 Be7 7. Bd3 h6 8. Bd2 c6 9. 0-0 Nbd7 10. Ne5 Nxe5 11. dxe5 Qd4+ 12. Kh1 Qxe5 13. Qf3 Bd6 14. g3 Qh5 15. Qg2 e5 16. Ne4 Nxe4 17. Qxe4 Be6 18. c4 Qg4 19. Qg2 0-0-0 20. Be3 Bb8 21. Be4 Kc7 22. b3 f5 23. Bf3 Qg6 24. Qf2 b6 25. a4 e4 26. Be2 Kb7 27. a5 Bc7 28. axb6 axb6 29. Bxb6 Bxb6 30. c5 Ra8 31. cxb6 Qf6 32. Ra4 Rxa4 33. bxa4 e3 34. Qxe3 Bd5+ 35. Kg1 h5 36. a5 c5 37. Qxc5 1-0

[Event "Prague Holiday K22"]
[Site "Prague"]
[Date "2017.07.27"]
[Round "7"]
[White "Trebbin, Wolfhard"]
[Black "Kovar, Jan2222"]
[Result "1/2-1/2"]
[WhiteElo "1947"]
[BlackElo "1870"]
[PlyCount "119"]
[EventDate "2017.07.23"]
[EventType "tourn"]
[EventRounds "9"]
[EventCountry "CZE"]
[SourceTitle "EXT 2023"]
[Source "ChessBase"]
[SourceDate "2022.10.05"]
[SourceVersion "1"]
[SourceVersionDate "2022.10.05"]
[SourceQuality "1"]

1. d4 d5 2. Nf3 Nf6 3. g3 c6 4. Bg2 Bg4 5. 0-0 Nbd7 6. Nbd2 e6 7. b3 Bd6 8. Bb2 0-0 9. c4 Re8 10. h3 Bxf3 11. Nxf3 e5 12. cxd5 Nxd5 13. e4 N5f6 14. Qc2 Qe7 15. Rad1 Rad8 16. Nh4 g6 17. dxe5 Bxe5 18. Bxe5 Qxe5 19. f4 Qc5+ 20. Qxc5 Nxc5 21. e5 Nh5 22. Kh2 Ne6 23. f5 Rxd1 24. Rxd1 gxf5 25. Nxf5 Rd8 26. Bf3 Nhg7 27. Nd6 Rd7 28. Ne4 Rxd1 29. Bxd1 Kf8 30. Nf6 h6 31. Ng4 Nf5 32. Bc2 Ned4 33. Be4 Ke7 34. Kg2 Ke6 35. Kf2 h5 36. Nh2 Kxe5 37. Bd3 c5 38. g4 hxg4 39. Nxg4+ Kf4 40. Nf6 Nd6 41. h4 N4f5 42. h5 Kg5 43. Nd7 b6 44. a4 Kxh5 45. a5 Nd4 46. axb6 axb6 47. Nxb6 Nxb3 48. Nc4 Nb7 49. Ne5 f6 50. Nd7 Kg5 51. Ke3 Nd6 52. Bc2 Nd4 53. Bd3 Ne6 54. Kd2 Nd8 55. Nxc5 N8f7 56. Ne6+ Kg4 57. Nc7 Ne5 58. Nd5 f5 59. Ne3+ Kg5 60. Nxf5 1/2-1/2

[Event "Prague Holiday K22"]
[Site "Prague"]
[Date "2017.07.25"]
[Round "4"]
[White "Trebbin, Wolfhard"]
[Black "Michalek, Frantisek"]
[Result "0-1"]
[WhiteElo "1947"]
[BlackElo "2065"]
[PlyCount "58"]
[EventDate "2017.07.23"]
[EventType "tourn"]
[EventRounds "9"]
[EventCountry "CZE"]
[SourceTitle "EXT 2023"]
[Source "ChessBase"]
[SourceDate "2022.10.05"]
[SourceVersion "1"]
[SourceVersionDate "2022.10.05"]
[SourceQuality "1"]

1. d4 Nf6 2. Nf3 e6 3. g3 b6 4. Bg2 Bb7 5. 0-0 Be7 6. c4 d5 7. Nc3 0-0 8. Ne5 Nbd7 9. cxd5 exd5 10. Qa4 Nb8 11. Bf4 c6 12. Rac1 b5 13. Qc2 Nbd7 14. Nd3 a5 15. e4 Nb6 16. Nc5 Bc8 17. e5 Nfd7 18. e6 Nxc5 19. dxc5 Nc4 20. exf7+ Rxf7 21. b3 Na3 22. Qd2 Be6 23. Qe3 Qd7 24. Rfd1 Re8 25. Qd4 Bf6 26. Qd2 b4 27. Na4 Nb5 28. Nb6 Qd8 29. Re1 Bc3 0-1

[Event "Prague Holiday K22"]
[Site "Prague"]
[Date "2017.07.24"]
[Round "3"]
[White "Sniegon, Adam"]
[Black "Trebbin, Wolfhard"]
[Result "1-0"]
[WhiteElo "1740"]
[BlackElo "1947"]
[PlyCount "69"]
[EventDate "2017.07.23"]
[EventType "tourn"]
[EventRounds "9"]
[EventCountry "CZE"]
[SourceTitle "EXT 2023"]
[Source "ChessBase"]
[SourceDate "2022.10.05"]
[SourceVersion "1"]
[SourceVersionDate "2022.10.05"]
[SourceQuality "1"]

1. d4 d5 2. c4 c6 3. Nc3 Nf6 4. Nf3 Nbd7 5. cxd5 cxd5 6. Bg5 e6 7. e3 Bd6 8. Bd3 0-0 9. Qc2 h6 10. Bh4 a6 11. 0-0 g5 12. Bg3 Bxg3 13. fxg3 b5 14. h4 g4 15. Ne5 Nxe5 16. dxe5 Nd7 17. Bh7+ Kh8 18. Nxd5 exd5 19. e6 Ne5 20. exf7 Be6 21. Bg8 Rxg8 22. fxg8Q+ Kxg8 23. Qc3 Qd6 24. Kh2 Rc8 25. Qd2 Nc4 26. Qf2 Rf8 27. Qc2 Bf7 28. Qe2 Qe6 29. Rae1 Ne5 30. b3 Rc8 31. Rf4 Bg6 32. Ref1 Rc2 33. Rf8+ Kg7 34. Qd1 Bd3 35. R1f4 1-0

[Event "Prague Holiday K22"]
[Site "Prague"]
[Date "2017.07.23"]
[Round "2"]
[White "Trebbin, Wolfhard"]
[Black "Hammerman, Christian"]
[Result "0-1"]
[WhiteElo "1947"]
[BlackElo "1836"]
[PlyCount "81"]
[EventDate "2017.07.23"]
[EventType "tourn"]
[EventRounds "9"]
[EventCountry "CZE"]
[SourceTitle "EXT 2023"]
[Source "ChessBase"]
[SourceDate "2022.10.05"]
[SourceVersion "1"]
[SourceVersionDate "2022.10.05"]
[SourceQuality "1"]

1. d4 Nf6 2. Nf3 g6 3. g3 Bg7 4. Bg2 d6 5. 0-0 0-0 6. c4 Nbd7 7. Nc3 e5 8. dxe5 dxe5 9. Qc2 c6 10. Rd1 Qe7 11. Bg5 h6 12. Bd2 a5 13. Na4 Ng4 14. h3 Ngf6 15. Be3 Rb8 16. Nb6 Nxb6 17. Bxb6 Ra8 18. Nd2 Nd7 19. Be3 f5 20. Nf1 f4 21. Bd2 Qg5 22. h4 Qf6 23. Be1 Nc5 24. e4 f3 25. Bh1 Ne6 26. Rd6 Qe7 27. c5 Nd4 28. Qd3 g5 29. hxg5 Ne2+ 30. Kh2 Qf7 31. g6 Qe7 32. Bxf3 Nd4 33. Bg2 Bg4 34. f3 Nxf3+ 35. Bxf3 Rxf3 36. Ne3 Qg5 37. Qc4+ Kh8 38. Nxg4 Qxg4 39. Rd7 Raf8 40. Kg2 Re3 41. Rd3 0-1

[Event "Berlin-ch Seniors op 33rd"]
[Site "Berlin"]
[Date "2017.02.04"]
[Round "5"]
[White "Trebbin, Wolfhard"]
[Black "Poeltelt, Helmut"]
[Result "1-0"]
[WhiteElo "1914"]
[BlackElo "1726"]
[PlyCount "83"]
[EventDate "2017.01.31"]
[EventType "swiss"]
[EventRounds "9"]
[EventCountry "GER"]
[SourceTitle "EXT 2019"]
[Source "ChessBase"]
[SourceDate "2018.10.10"]
[SourceVersion "1"]
[SourceVersionDate "2018.10.10"]
[SourceQuality "1"]

1. d4 f5 2. c4 Nf6 3. Nc3 g6 4. g3 Bg7 5. Bg2 0-0 6. Nf3 d6 7. 0-0 c6 8. d5 Qe8 9. Nd4 e5 10. dxe6 Bxe6 11. Qd3 Bf7 12. Bf4 Qd7 13. Rad1 Rd8 14. Nc2 Ne8 15. b3 h6 16. h4 Kh7 17. e4 fxe4 18. Nxe4 d5 19. cxd5 cxd5 20. Nc5 Qe7 21. b4 Nc6 22. Rfe1 Qf8 23. Nxb7 Rd7 24. Nc5 Re7 25. Rxe7 Qxe7 26. Re1 Qf8 27. Ne6 Bxe6 28. Rxe6 Ne7 29. h5 Nf6 30. Bd6 Ng4 31. hxg6+ Kh8 32. Qe2 Qf5 33. Rxe7 Qxg6 34. Bf3 Nf6 35. Bc5 Rc8 36. Nd4 Bf8 37. Rxa7 Bxc5 38. bxc5 Qb1+ 39. Kg2 Ne4 40. Bxe4 dxe4 41. Qh5 Qc1 42. Qe5+ 1-0

[Event "Berlin-ch Seniors op 33rd"]
[Site "Berlin"]
[Date "2017.02.02"]
[Round "3"]
[White "Witte, Manfred"]
[Black "Trebbin, Wolfhard"]
[Result "1/2-1/2"]
[WhiteElo "2161"]
[BlackElo "1914"]
[PlyCount "62"]
[EventDate "2017.01.31"]
[EventType "swiss"]
[EventRounds "9"]
[EventCountry "GER"]
[SourceTitle "EXT 2019"]
[Source "ChessBase"]
[SourceDate "2018.10.10"]
[SourceVersion "1"]
[SourceVersionDate "2018.10.10"]
[SourceQuality "1"]

1. e4 c5 2. Nf3 e6 3. c3 Nf6 4. e5 Nd5 5. d4 cxd4 6. cxd4 Nc6 7. Nc3 Nxc3 8. bxc3 d5 9. Bd3 Be7 10. 0-0 Bd7 11. Be3 Rc8 12. Qb1 Na5 13. Qb2 b6 14. Nd2 0-0 15. Rac1 Nc4 16. Nxc4 dxc4 17. Bb1 Ba4 18. Qe2 g6 19. Bh6 Re8 20. f4 Bc6 21. Be4 b5 22. Rb1 b4 23. Bxc6 Rxc6 24. Qe4 Rb6 25. Bg5 bxc3 26. Rbc1 Bxg5 27. fxg5 Qxg5 28. Rxc3 Rc8 29. d5 Qd2 30. Qf3 Qd4+ 31. Kh1 Rf8 1/2-1/2

[Event "Berlin-ch Seniors op 33rd"]
[Site "Berlin"]
[Date "2017.02.01"]
[Round "2"]
[White "Trebbin, Wolfhard"]
[Black "Windmueller, Werner"]
[Result "1-0"]
[WhiteElo "1914"]
[BlackElo "1802"]
[PlyCount "63"]
[EventDate "2017.01.31"]
[EventType "swiss"]
[EventRounds "9"]
[EventCountry "GER"]
[SourceTitle "EXT 2019"]
[Source "ChessBase"]
[SourceDate "2018.10.10"]
[SourceVersion "1"]
[SourceVersionDate "2018.10.10"]
[SourceQuality "1"]

1. d4 d5 2. Nf3 e6 3. g3 Be7 4. Bg2 Nf6 5. Nbd2 Nbd7 6. c4 dxc4 7. Nxc4 Bb4+ 8. Bd2 Bxd2+ 9. Qxd2 c6 10. Nd6+ Kf8 11. Ng5 Qe7 12. Ndxf7 Rg8 13. Ne5 Nxe5 14. dxe5 Nd5 15. Nxh7+ Ke8 16. Ng5 Qc7 17. Nf3 b6 18. 0-0 Ba6 19. Rfc1 Rd8 20. Qc2 Ne7 21. Rd1 Rd5 22. e4 Rxd1+ 23. Rxd1 Bc8 24. Rd6 g5 25. Nd4 Kf7 26. Qb3 Rg6 27. Qf3+ Kg7 28. Bh3 c5 29. Nxe6+ Bxe6 30. Bxe6 Rxe6 31. Rxe6 Ng8 32. Qf5 1-0

[Event "Berlin-ch Seniors op 32nd"]
[Site "Berlin"]
[Date "2016.02.04"]
[Round "9"]
[White "Trostel, Uwe"]
[Black "Trebbin, Wolfhard"]
[Result "1/2-1/2"]
[WhiteElo "1807"]
[BlackElo "1906"]
[PlyCount "36"]
[EventDate "2016.01.26"]
[EventType "swiss"]
[EventRounds "9"]
[EventCountry "GER"]
[SourceTitle "EXT 2019"]
[Source "ChessBase"]
[SourceDate "2018.10.10"]
[SourceVersion "1"]
[SourceVersionDate "2018.10.10"]
[SourceQuality "1"]

1. d4 d5 2. c4 c6 3. Nf3 Nf6 4. Nc3 e6 5. e3 Be7 6. Bd3 0-0 7. 0-0 Nbd7 8. Qe2 Re8 9. Rd1 Qc7 10. e4 dxe4 11. Nxe4 Nxe4 12. Qxe4 Nf6 13. Qe2 Bd6 14. Ne5 g6 15. f4 c5 16. Be3 b6 17. a3 Bb7 18. dxc5 Bxc5 1/2-1/2

[Event "Berlin-ch Seniors op 32nd"]
[Site "Berlin"]
[Date "2016.02.01"]
[Round "6"]
[White "Trebbin, Wolfhard"]
[Black "Wolf, Manfred"]
[Result "1/2-1/2"]
[WhiteElo "1906"]
[BlackElo "2083"]
[PlyCount "112"]
[EventDate "2016.01.26"]
[EventType "swiss"]
[EventRounds "9"]
[EventCountry "GER"]
[SourceTitle "EXT 2019"]
[Source "ChessBase"]
[SourceDate "2018.10.10"]
[SourceVersion "1"]
[SourceVersionDate "2018.10.10"]
[SourceQuality "1"]

1. d4 d6 2. Nf3 Bg4 3. Nbd2 Nf6 4. g3 Nbd7 5. Bg2 e6 6. 0-0 Be7 7. c3 0-0 8. Qb3 Rb8 9. e4 c5 10. Re1 b5 11. h3 Bxf3 12. Nxf3 d5 13. exd5 Nxd5 14. Ne5 Nxe5 15. dxe5 c4 16. Qc2 Bc5 17. Re2 f5 18. Bxd5 Qxd5 19. Be3 Bxe3 20. Rxe3 Rbd8 21. Ree1 Qd2 22. Re2 Qxc2 23. Rxc2 Rd3 24. a4 a6 25. axb5 axb5 26. Ra6 Re8 27. Rb6 Rd5 28. f4 Kf7 29. Kf2 Red8 30. Rb7+ R8d7 31. Rxd7+ Rxd7 32. Re2 Ke7 33. Kf3 Kd8 34. Re3 Kc7 35. g4 g6 36. gxf5 gxf5 37. Re2 Rd1 38. Rc2 Kc6 39. Kg3 Rd3+ 40. Kh4 Rf3 41. Rd2 Rxf4+ 42. Kg5 Rf3 43. Rd6+ Kc5 44. Rxe6 Rxh3 45. Kxf5 Rh2 46. Re7 h5 47. Rc7+ Kd5 48. Rd7+ Kc6 49. Rd6+ Kc7 50. Rh6 Rxb2 51. Rxh5 Rc2 52. Rh3 Kd7 53. Ke4 Rd2 54. Rh6 Ke7 55. Rb6 Rd3 56. Rxb5 Rxc3 1/2-1/2

[Event "Berlin-ch Seniors op 32nd"]
[Site "Berlin"]
[Date "2016.01.30"]
[Round "5"]
[White "Hartmann, Hans"]
[Black "Trebbin, Wolfhard"]
[Result "0-1"]
[WhiteElo "1803"]
[BlackElo "1906"]
[PlyCount "70"]
[EventDate "2016.01.26"]
[EventType "swiss"]
[EventRounds "9"]
[EventCountry "GER"]
[SourceTitle "EXT 2019"]
[Source "ChessBase"]
[SourceDate "2018.10.10"]
[SourceVersion "1"]
[SourceVersionDate "2018.10.10"]
[SourceQuality "1"]

1. d4 d5 2. c4 c6 3. Nf3 Nf6 4. e3 e6 5. Nc3 Be7 6. Bd3 0-0 7. 0-0 Nbd7 8. Re1 c5 9. cxd5 exd5 10. b3 Re8 11. h3 b6 12. Bb2 Bb7 13. e4 cxd4 14. Nxd4 Bc5 15. Nxd5 Nxd5 16. exd5 Rxe1+ 17. Qxe1 Bxd5 18. Be4 Bxe4 19. Qxe4 Nf6 20. Qh4 Qd5 21. Nf3 Ne4 22. Rf1 f6 23. Qf4 Re8 24. Bc1 Nc3 25. Kh1 Nxa2 26. Qa4 Re2 27. Qa6 Nxc1 28. Rxc1 Re7 29. Qb5 Qd7 30. Qc4+ Qe6 31. Qc3 Bxf2 32. Qc2 Bg3 33. Kg1 Qe3+ 34. Kf1 Rc7 35. Qxc7 Qf2# 0-1

[Event "Prague Holiday K11"]
[Site "Prague"]
[Date "2015.07.24"]
[Round "9"]
[White "Trebbin, Wolfhard"]
[Black "Aubrecht, Petr"]
[Result "1/2-1/2"]
[WhiteElo "1977"]
[BlackElo "1820"]
[PlyCount "28"]
[EventDate "2015.07.19"]
[EventType "tourn"]
[EventRounds "9"]
[EventCountry "CZE"]
[SourceTitle "EXT 2017"]
[Source "ChessBase"]
[SourceDate "2016.10.25"]
[SourceVersion "1"]
[SourceVersionDate "2016.10.25"]
[SourceQuality "1"]

1. e4 c5 2. Nf3 d6 3. d4 cxd4 4. Nxd4 Nf6 5. Nc3 a6 6. Bd3 e6 7. 0-0 Be7 8. Be3 b5 9. a3 Bb7 10. Qe2 Nbd7 11. f3 0-0 12. Qf2 Ne5 13. Nb3 Nxd3 14. cxd3 d5 1/2-1/2

[Event "Prague Holiday K11"]
[Site "Prague"]
[Date "2015.07.21"]
[Round "5"]
[White "Trebbin, Wolfhard"]
[Black "Zizka, Petr"]
[Result "0-1"]
[WhiteElo "1977"]
[BlackElo "1696"]
[PlyCount "42"]
[EventDate "2015.07.19"]
[EventType "tourn"]
[EventRounds "9"]
[EventCountry "CZE"]
[SourceTitle "EXT 2017"]
[Source "ChessBase"]
[SourceDate "2016.10.25"]
[SourceVersion "1"]
[SourceVersionDate "2016.10.25"]
[SourceQuality "1"]

1. d4 Nf6 2. Nf3 g6 3. g3 Bg7 4. Bg2 0-0 5. 0-0 d6 6. c4 Nc6 7. Nc3 a6 8. h3 Rb8 9. a4 Bd7 10. Re1 Na5 11. Nd2 c5 12. dxc5 dxc5 13. e4 Bc6 14. Qc2 Nd7 15. Nd5 e6 16. Ne3 b5 17. axb5 axb5 18. cxb5 Bxb5 19. Ra3 Ne5 20. Bf1 Qb6 21. Nb3 Nxb3 0-1

[Event "Prague Holiday K11"]
[Site "Prague"]
[Date "2015.07.19"]
[Round "2"]
[White "Ruell, Michael"]
[Black "Trebbin, Wolfhard"]
[Result "0-1"]
[WhiteElo "1740"]
[BlackElo "1977"]
[PlyCount "91"]
[EventDate "2015.07.19"]
[EventType "tourn"]
[EventRounds "9"]
[EventCountry "CZE"]
[SourceTitle "EXT 2017"]
[Source "ChessBase"]
[SourceDate "2016.10.25"]
[SourceVersion "1"]
[SourceVersionDate "2016.10.25"]
[SourceQuality "1"]

1. e4 c5 2. d4 cxd4 3. c3 dxc3 4. Nxc3 Nc6 5. Nf3 d6 6. Bc4 e6 7. 0-0 Be7 8. Bf4 a6 9. Rc1 Nf6 10. Qc2 Bd7 11. Rfd1 Qb8 12. Qd3 Ne5 13. Nxe5 dxe5 14. Bg5 Bc6 15. Bb3 0-0 16. Na4 Qe8 17. Nc3 h6 18. Be3 Rd8 19. Qc2 Rxd1+ 20. Rxd1 Qa8 21. Bb6 Nd7 22. Be3 b5 23. f3 Qb7 24. Qf2 Nb8 25. Qg3 Bf6 26. Bxh6 Qb6+ 27. Kh1 Rd8 28. Bg5 Rxd1+ 29. Nxd1 Qd8 30. Bxf6 Qxf6 31. Ne3 Nd7 32. Qf2 Qe7 33. Qc2 Qc5 34. Qxc5 Nxc5 35. Bc2 a5 36. Kg1 Kf8 37. a4 b4 38. b3 Ke7 39. Nc4 Nb7 40. Nxe5 Be8 41. Nc4 Kd7 42. Kf2 Kc6 43. Ke3 Kc5 44. e5 Bc6 45. Be4 Bd5 46. Bc2 0-1

[Event "Berlin-ch Seniors op 31st"]
[Site "Berlin"]
[Date "2015.02.05"]
[Round "7"]
[White "Albrecht, Rainer"]
[Black "Trebbin, Wolfhard"]
[Result "1-0"]
[WhiteElo "1996"]
[BlackElo "1865"]
[PlyCount "51"]
[EventDate "2015.01.29"]
[EventType "swiss"]
[EventRounds "9"]
[EventCountry "GER"]
[SourceTitle "EXT 2018"]
[Source "ChessBase"]
[SourceDate "2017.10.13"]
[SourceVersion "1"]
[SourceVersionDate "2017.10.13"]
[SourceQuality "1"]

1. d4 d5 2. c4 c6 3. Nc3 Nf6 4. e3 e6 5. Nf3 Nbd7 6. Bd3 Be7 7. 0-0 0-0 8. b3 c5 9. Qe2 b6 10. Bb2 Bb7 11. Rad1 Qb8 12. Ne5 dxc4 13. bxc4 Rd8 14. f4 g6 15. d5 exd5 16. cxd5 Nxd5 17. Bc4 N7f6 18. Nxf7 Kxf7 19. e4 Kf8 20. Nxd5 Nxd5 21. Bxd5 Bxd5 22. exd5 Rd7 23. f5 g5 24. Qh5 Bd6 25. Qh6+ Ke8 26. Qxg5 1-0

[Event "Berlin-ch Seniors op 31st"]
[Site "Berlin"]
[Date "2015.01.29"]
[Round "1"]
[White "Sehm, Andreas"]
[Black "Trebbin, Wolfhard"]
[Result "0-1"]
[WhiteElo "1515"]
[BlackElo "1865"]
[PlyCount "79"]
[EventDate "2015.01.29"]
[EventType "swiss"]
[EventRounds "9"]
[EventCountry "GER"]
[SourceTitle "EXT 2018"]
[Source "ChessBase"]
[SourceDate "2017.10.13"]
[SourceVersion "1"]
[SourceVersionDate "2017.10.13"]
[SourceQuality "1"]

1. e4 c5 2. Nf3 e6 3. d4 cxd4 4. Nxd4 a6 5. Nc3 Qc7 6. Be3 Nf6 7. Be2 Bb4 8. Qd3 Nc6 9. Nxc6 dxc6 10. 0-0 0-0 11. f3 e5 12. Rad1 Be6 13. Bg5 Nd7 14. Kh1 f6 15. Be3 Nb6 16. Bxb6 Qxb6 17. Qd2 Rad8 18. Qc1 Bxc3 19. bxc3 Qc5 20. Qb2 b5 21. h3 Qe3 22. Bd3 Qc5 23. a3 a5 24. Rb1 Rd6 25. Kh2 Rfd8 26. Rbe1 Bc4 27. Bxc4+ Qxc4 28. Qb3 Qf7 29. f4 exf4 30. Qxf7+ Kxf7 31. Rxf4 Re6 32. Re2 Rde8 33. g4 g5 34. Rf5 Rxe4 35. Ref2 Rf4 36. R2xf4 gxf4 37. g5 Re2+ 38. Kg1 Re6 39. Rxf4 Kg7 40. gxf6+ 0-1

[Event "Prague Holiday K11"]
[Site "Prague"]
[Date "2013.07.14"]
[Round "1"]
[White "Trebbin, Wolfhard"]
[Black "Cisarik, Pavol"]
[Result "1/2-1/2"]
[WhiteElo "1968"]
[BlackElo "1777"]
[PlyCount "41"]
[EventDate "2013.07.14"]
[EventType "tourn"]
[EventRounds "9"]
[EventCountry "CZE"]
[SourceTitle "EXT 2023"]
[Source "ChessBase"]
[SourceDate "2022.10.05"]
[SourceVersion "1"]
[SourceVersionDate "2022.10.05"]
[SourceQuality "1"]

1. d4 Nf6 2. Nf3 e6 3. g3 d5 4. Bg2 c6 5. 0-0 Nbd7 6. Nbd2 Bd6 7. c4 0-0 8. Qc2 e5 9. dxe5 Nxe5 10. Nxe5 Bxe5 11. Nf3 Qe7 12. Bg5 dxc4 13. Rad1 Re8 14. Rd2 h6 15. Nxe5 Qxe5 16. Bxf6 Qxf6 17. Qxc4 Be6 18. Qc2 Red8 19. Rfd1 Rxd2 20. Rxd2 Rd8 21. a3 1/2-1/2

[Event "Prague Holiday K31"]
[Site "Prague"]
[Date "2012.08.03"]
[Round "9"]
[White "Koller, Martin"]
[Black "Trebbin, Wolfhard"]
[Result "1/2-1/2"]
[WhiteElo "1900"]
[BlackElo "2029"]
[PlyCount "85"]
[EventDate "2012.07.29"]
[EventType "tourn"]
[EventRounds "9"]
[EventCountry "CZE"]
[SourceTitle "EXT 2023"]
[Source "ChessBase"]
[SourceDate "2022.10.05"]
[SourceVersion "1"]
[SourceVersionDate "2022.10.05"]
[SourceQuality "1"]

1. d4 d5 2. c4 c6 3. Nf3 Nf6 4. Nc3 e6 5. e3 Nbd7 6. Qc2 Be7 7. g4 h6 8. Bd2 a6 9. Rg1 dxc4 10. Bxc4 Nd5 11. Bxd5 cxd5 12. 0-0-0 Nb6 13. Ne5 Bd7 14. Kb1 Rc8 15. Qd3 Na4 16. Nxd7 Nxc3+ 17. Bxc3 Qxd7 18. f4 0-0 19. g5 hxg5 20. fxg5 g6 21. h4 Kg7 22. h5 gxh5 23. Rh1 Rh8 24. Qe2 h4 25. Qg4 Qb5 26. Rxh4 Ba3 27. Rxh8 Rxh8 28. g6 fxg6 29. Qxe6 Re8 30. Qh3 Rh8 31. Qg3 Rf8 32. Qe5+ Rf6 33. e4 Bd6 34. Qg5 Rf1 35. Qd2 Bf4 36. Qc2 g5 37. exd5 Rxd1+ 38. Qxd1 Qxd5 39. Qe2 Kg6 40. Qe8+ Kg7 41. Qe2 Qf5+ 42. Ka1 Qd5 43. Kb1 1/2-1/2

[Event "Prague Holiday K31"]
[Site "Prague"]
[Date "2012.08.01"]
[Round "6"]
[White "Trebbin, Wolfhard"]
[Black "Vavrinec, Tomas"]
[Result "0-1"]
[WhiteElo "2029"]
[BlackElo "1995"]
[PlyCount "90"]
[EventDate "2012.07.29"]
[EventType "tourn"]
[EventRounds "9"]
[EventCountry "CZE"]
[SourceTitle "EXT 2023"]
[Source "ChessBase"]
[SourceDate "2022.10.05"]
[SourceVersion "1"]
[SourceVersionDate "2022.10.05"]
[SourceQuality "1"]

1. d4 Nf6 2. g3 c5 3. Nf3 g6 4. Bg2 Bg7 5. 0-0 cxd4 6. Nxd4 Nc6 7. c3 0-0 8. e4 a6 9. Nd2 d6 10. Nc4 Qc7 11. Ne3 e6 12. b3 Bd7 13. Bb2 b5 14. c4 Rab8 15. cxb5 axb5 16. Nxc6 Bxc6 17. Rc1 Ne8 18. Bxg7 Kxg7 19. Qd4+ e5 20. Qd2 Qb6 21. Nd5 Bxd5 22. Qxd5 Nc7 23. Qc6 Ne6 24. Rfd1 Nd4 25. Qxb6 Rxb6 26. Rc7 Ra8 27. Rd2 Rba6 28. Rd7 R8a7 29. Rd8 Kf6 30. Rb2 Ke7 31. Rb8 Rxa2 32. Rxa2 Rxa2 33. Bf1 Rb2 34. Rb7+ Kf6 35. Rb6 Rxb3 36. Rxd6+ Ke7 37. Rb6 Rb1 38. Kg2 b4 39. Bc4 b3 40. Rb7+ Kd6 41. Bxf7 Kc5 42. Bd5 Nb5 43. Bxb3 Rxb3 44. Rxh7 Nd4 45. Re7 Kd6 0-1

[Event "Prague Holiday K31"]
[Site "Prague"]
[Date "2012.07.31"]
[Round "4"]
[White "Boucek, Vlastimil"]
[Black "Trebbin, Wolfhard"]
[Result "1/2-1/2"]
[WhiteElo "2008"]
[BlackElo "2029"]
[PlyCount "108"]
[EventDate "2012.07.29"]
[EventType "tourn"]
[EventRounds "9"]
[EventCountry "CZE"]
[SourceTitle "EXT 2023"]
[Source "ChessBase"]
[SourceDate "2022.10.05"]
[SourceVersion "1"]
[SourceVersionDate "2022.10.05"]
[SourceQuality "1"]

1. e4 c5 2. Nc3 e6 3. d3 Nc6 4. f4 d6 5. g3 g6 6. Bg2 Bg7 7. Nh3 Nge7 8. 0-0 0-0 9. Be3 Nd4 10. Qd2 f5 11. Nd1 Rb8 12. c3 Ndc6 13. Qc2 h6 14. Nhf2 b6 15. h3 d5 16. g4 fxe4 17. dxe4 Ba6 18. Re1 d4 19. Bd2 Kh7 20. Bf1 Bxf1 21. Rxf1 c4 22. Kg2 d3 23. Qc1 Qd6 24. Be3 Rbd8 25. Qd2 Ng8 26. Nh1 Qe7 27. Bg1 g5 28. Ne3 gxf4 29. Nxc4 b5 30. Na3 Qg5 31. Rad1 h5 32. Rf2 Bh6 33. Kf1 hxg4 34. hxg4 Ne5 35. Nxb5 Nc4 36. Qc1 Ne3+ 37. Ke1 Nxd1 38. Qxd1 Qxb5 39. b3 Qe5 40. Rh2 Qxe4+ 41. Kf1 Kg6 42. g5 Bxg5 43. Qh5+ Kf6 44. Qh8+ Ke7 45. Bc5+ Kd7 46. Qg7+ Be7 47. Nf2 Qd5 48. Bd4 d2 49. Ke2 Kc8 50. Kd1 Rd7 51. Nd3 Qf3+ 52. Kc2 Qg3 53. Qh7 Bg5 54. Qh8 f3 1/2-1/2